[Event "Olimpiade 2014 - Open"]
[Site "Tromsø"]
[Date "06.08.2014"]
[Round "5.4"]
[Board "3"]
[White "Yu, Yangyi"]
[Black "Van Wely, Loek"]
[Result "1/2-1/2"]
[WhiteTitle "GM"]
[BlackTitle "GM"]
[WhiteElo "2668"]
[BlackElo "2662"]
[WhiteTeam "China"]
[BlackTeam "Netherlands"]
[WhiteFideId "8603820"]
[BlackFideId "1000268"]
[EventDate "2014.08.02"]

1. e4 c5 2. Nf3 e6 3. d4 cxd4 4. Nxd4 Nc6 5. Nc3 d6 6. Be3 Nf6 7. f4 Be7 8. Qf3
e5 9. Nxc6 bxc6 10. f5 Rb8 11. O-O-O Qa5 12. Bc4 O-O 13. Bb3 d5 14. exd5 Rxb3
15. cxb3 cxd5 16. Rxd5 Nxd5 17. Nxd5 Bh4 18. Rd1 Qxa2 19. Bc5 Bg5+ 20. Kc2 Re8
21. Qg4 h6 22. h4 g6 23. hxg5 Bxf5+ 24. Qxf5 gxf5 25. Nf6+ Kh8 26. Nxe8 Qa6 27.
Nd6 hxg5 28. Nxf7+ Kg8 29. Nxg5 Qc6 30. Kb1 Qxg2 31. Bxa7 Qb7 32. Bc5 Qxb3 33.
Rd6 f4 34. Ne4 Qc4 35. Nf6+ Kg7 36. Nd7 Qe4+ 37. Kc1 f3 38. Nxe5 Qe1+ 39. Rd1 f2
40. Bxf2 Qxf2 41. Nd3 Qd4 42. Kd2 Kf6 43. Re1 Qc4 44. b4 Qd4 45. Re3 Kf5 46. Re8
Kf6 47. Re2 Kf5 48. Re1 Qc4 49. Re5+ Kf6 50. Rc5 Qb3 51. Rc6+ Ke7 52. Ke3 Kd7
53. Rc5 Kd6 54. Kd4 Qd1 55. Kc3 Qa1+ 56. Kc2 Qa4+ 57. Kc3 Qa3+ 58. Kc4 Qa6+ 59.
Kd4 Qa1+ 60. Ke3 Qg1+ 61. Kd2 Qd4 62. Rc1 Kd5 63. Rc8 Qf6 64. Rc5+ Kd4 65. Nc1
Qf2+ 66. Ne2+ Ke4 67. Rc3 Qf7 68. Re3+ Kd5 69. Rd3+ Kc4 70. Rd4+ Kb3 71. Nc1+
Ka4 72. Nd3 Qa2+ 73. Ke3 Qe6+ 74. Kd2 Qa2+ 75. Ke3 Qe6+ 76. Kd2 Qa2+ 77. Ke3 1/2-1/2

[Event "Olimpiade 2014 - Open"]
[Site "Tromsø"]
[Date "06.08.2014"]
[Round "5.5"]
[Board "1"]
[White "Ivanchuk, Vassily"]
[Black "Kasimdzhanov, Rustam"]
[Result "0-1"]
[WhiteTitle "GM"]
[BlackTitle "GM"]
[WhiteElo "2744"]
[BlackElo "2700"]
[WhiteTeam "Ukraine"]
[BlackTeam "Uzbekistan"]
[WhiteFideId "14100010"]
[BlackFideId "14200244"]
[EventDate "2014.08.02"]

1. Nf3 d5 2. d4 Nf6 3. c4 e6 4. Nc3 Be7 5. Bg5 h6 6. Bh4 O-O 7. e3 Ne4 8. Bxe7
Qxe7 9. Rc1 c6 10. Bd3 Nxc3 11. Rxc3 dxc4 12. Bxc4 Nd7 13. O-O b6 14. Qc2 Bb7
15. Bd3 c5 16. Bh7+ Kh8 17. Be4 cxd4 18. Nxd4 Bxe4 19. Qxe4 Nc5 20. Qc2 a5 21.
Rc1 Qb7 22. Qe2 Rfd8 23. h3 Kg8 24. Qb5 Qd7 25. Qxd7 Rxd7 26. Kf1 Kf8 27. Ke2
Ke7 28. R1c2 Rd6 29. a3 a4 30. Rc4 Ra5 31. f4 g5 32. g3 Kd7 33. e4 Nxe4 34. Nc6
Rc5 35. Ne5+ Ke7 36. fxg5 Rxe5 0-1

[Event "Olimpiade 2014 - Open"]
[Site "Tromsø"]
[Date "06.08.2014"]
[Round "5.5"]
[Board "2"]
[White "Filippov, Anton UZB"]
[Black "Ponomariov, Ruslan"]
[Result "1/2-1/2"]
[WhiteTitle "GM"]
[BlackTitle "GM"]
[WhiteElo "2615"]
[BlackElo "2717"]
[WhiteTeam "Uzbekistan"]
[BlackTeam "Ukraine"]
[WhiteFideId "14200988"]
[BlackFideId "14103320"]
[EventDate "2014.08.02"]

1. e4 e5 2. Nf3 Nc6 3. Bb5 Nf6 4. O-O Nxe4 5. d4 Nd6 6. Bxc6 dxc6 7. dxe5 Nf5 8.
Qxd8+ Kxd8 9. h3 Ke8 10. Rd1 h5 11. Nc3 Be7 12. Bf4 Nh4 13. Nxh4 Bxh4 14. Rd2
Be7 15. Ne4 Bf5 16. Re1 Rd8 17. Nd6+ cxd6 18. exd6 Be6 19. dxe7 Rxd2 20. Bxd2
Kxe7 21. Bb4+ Kd7 22. h4 Re8 23. a3 Bf5 24. Rxe8 Kxe8 25. c3 f6 26. Bc5 a6 27.
f3 Kd7 28. Kf2 Ke6 29. Ke3 g5 30. hxg5 fxg5 31. Bb6 g4 32. fxg4 Bxg4 33. Kd4 h4
34. Bd8 h3 35. gxh3 Bxh3 36. Kc5 Kd7 37. Bh4 Bf1 38. Kb6 Kc8 1/2-1/2

[Event "Olimpiade 2014 - Open"]
[Site "Tromsø"]
[Date "06.08.2014"]
[Round "5.5"]
[Board "3"]
[White "Eljanov, Pavel"]
[Black "Dzhumaev, Marat"]
[Result "1-0"]
[WhiteTitle "GM"]
[BlackTitle "GM"]
[WhiteElo "2723"]
[BlackElo "2510"]
[WhiteTeam "Ukraine"]
[BlackTeam "Uzbekistan"]
[WhiteFideId "14102951"]
[BlackFideId "14200236"]
[EventDate "2014.08.02"]

1. d4 g6 2. c4 Nf6 3. Nc3 Bg7 4. e4 O-O 5. Nf3 c6 6. Bd3 d6 7. O-O Nbd7 8. Re1
e5 9. d5 Nh5 10. Bg5 Bf6 11. Be3 c5 12. Rb1 Be7 13. Qc2 Ng7 14. Bh6 Nf6 15. h3
Nfe8 16. b4 b6 17. bxc5 bxc5 18. Qd2 f5 19. Bc2 Bd7 20. Ng5 Qc8 21. f4 exf4 22.
Ne6 Rf7 23. exf5 Nxf5 24. Bxf4 Nd4 25. Bh6 Nxc2 26. Qxc2 Rb8 27. Ne4 Rxb1 28.
Qxb1 Bxe6 29. dxe6 Rf5 30. Nc3 Re5 31. Nd5 Qxe6 32. Rf1 Bf6 33. Nxf6+ Nxf6 34.
Qb8+ 1-0

[Event "Olimpiade 2014 - Open"]
[Site "Tromsø"]
[Date "06.08.2014"]
[Round "5.5"]
[Board "4"]
[White "Vakhidov, Jahongir"]
[Black "Korobov, Anton"]
[Result "1-0"]
[WhiteTitle "IM"]
[BlackTitle "GM"]
[WhiteElo "2471"]
[BlackElo "2680"]
[WhiteTeam "Uzbekistan"]
[BlackTeam "Ukraine"]
[WhiteFideId "14201801"]
[BlackFideId "14105730"]
[EventDate "2014.08.02"]

1. Nf3 Nf6 2. d4 g6 3. c4 Bg7 4. g3 O-O 5. Bg2 d6 6. Nc3 Nc6 7. O-O a6 8. h3 Rb8
9. e4 e5 10. Be3 exd4 11. Nxd4 Bd7 12. Rc1 Re8 13. Re1 Nxd4 14. Bxd4 c5 15. Be3
Bc6 16. Bf4 Re6 17. Nd5 Nh5 18. Qd2 Nxf4 19. Nxf4 Re7 20. Rcd1 b5 21. b4 Rd7 22.
Rc1 bxc4 23. Rxc4 a5 24. a3 Bb5 25. Rcc1 cxb4 26. axb4 a4 27. Qa2 Ra7 28. Qa3
Bh6 29. Nd5 Bxc1 30. Rxc1 f6 31. Qa1 Rf7 32. Rc3 Bd7 33. Bf1 Kg7 34. g4 Qe8 35.
g5 Qxe4 36. gxf6+ Kh8 37. Bg2 Qe5 38. f4 Qd4+ 39. Kh1 Rbf8 40. Qe1 Rxf6 41. Nxf6
Qxf6 42. Rc7 Re8 43. Qc1 Bb5 44. Rb7 Bd3 45. Ra7 Qd4 46. Rxa4 Re2 47. b5 Qb2 48.
Qc8+ 1-0

[Event "Olimpiade 2014 - Open"]
[Site "Tromsø"]
[Date "06.08.2014"]
[Round "5.6"]
[Board "3"]
[White "Smirin, Ilia"]
[Black "Quesada Perez, Yuniesky"]
[Result "1-0"]
[WhiteTitle "GM"]
[BlackTitle "GM"]
[WhiteElo "2656"]
[BlackElo "2649"]
[WhiteTeam "Israel"]
[BlackTeam "Cuba"]
[WhiteFideId "2801990"]
[BlackFideId "3504409"]
[EventDate "2014.08.02"]

1. c4 Nf6 2. Nc3 e5 3. Nf3 Nc6 4. a3 d5 5. cxd5 Nxd5 6. Qc2 Nxc3 7. dxc3 Bd6 8.
e4 O-O 9. Be2 a5 10. O-O Qe7 11. Bg5 f6 12. Be3 Be6 13. b4 axb4 14. axb4 Qf7 15.
Nd2 Ne7 16. Ra4 f5 17. f3 fxe4 18. Rxa8 Rxa8 19. fxe4 Qe8 20. Nc4 Nc8 21. Rd1 h6
22. h3 Qa4 23. Qd3 Qb5 24. Bf1 Kh7 25. Bf2 Ra2 26. Qf3 Qe8 27. Bg3 Qf7 28. Qxf7
Bxf7 29. Bxe5 Rc2 30. Nxd6 cxd6 31. Bd3 Ra2 32. Bxd6 Bb3 33. e5+ Kg8 34. Bf5 Nb6
35. Rd4 Re2 36. Bc5 g6 37. Bg4 1-0

[Event "Olimpiade 2014 - Open"]
[Site "Tromsø"]
[Date "06.08.2014"]
[Round "5.6"]
[Board "4"]
[White "Ortiz Suarez, Isan Reynaldo"]
[Black "Sutovsky, Emil"]
[Result "1-0"]
[WhiteTitle "GM"]
[BlackTitle "GM"]
[WhiteElo "2603"]
[BlackElo "2624"]
[WhiteTeam "Cuba"]
[BlackTeam "Israel"]
[WhiteFideId "3507165"]
[BlackFideId "2802007"]
[EventDate "2014.08.02"]

1. e4 e5 2. Nf3 Nc6 3. Bb5 a6 4. Ba4 Nf6 5. d3 d6 6. c4 Be7 7. h3 O-O 8. O-O Nd7
9. Nc3 Nc5 10. Bxc6 bxc6 11. d4 exd4 12. Nxd4 Qe8 13. Be3 f5 14. exf5 Bxf5 15.
Nxf5 Rxf5 16. Qc2 Qf7 17. Ne2 Bh4 18. b4 Ne6 19. Qe4 Bg5 20. Ng3 Re5 21. Qxc6
Rf8 22. Rae1 Bh4 23. Nh1 Kh8 24. Qxa6 Ng5 25. Qc6 Ne4 26. Bd4 Nd2 27. Bxe5 dxe5
28. a4 e4 29. Rxe4 Nxf1 30. Rxh4 Nd2 31. Qc5 Qe8 32. Qe3 Qxe3 33. fxe3 Rf1+ 34.
Kh2 Rc1 35. Ng3 Nxc4 36. a5 Kg8 37. Rd4 Ne5 38. Rd5 Nc6 39. a6 Ra1 40. b5 Ra5
41. Ne4 h6 42. Nc3 1-0

[Event "Olimpiade 2014 - Open"]
[Site "Tromsø"]
[Date "06.08.2014"]
[Round "5.7"]
[Board "1"]
[White "Ismagambetov, Anuar"]
[Black "Solak, Dragan"]
[Result "1/2-1/2"]
[WhiteTitle "GM"]
[BlackTitle "GM"]
[WhiteElo "2531"]
[BlackElo "2632"]
[WhiteTeam "Kazakhstan"]
[BlackTeam "Turkey"]
[WhiteFideId "13701525"]
[BlackFideId "916811"]
[EventDate "2014.08.02"]

1. e4 c6 2. d4 d5 3. Nd2 dxe4 4. Nxe4 Bf5 5. Ng3 Bg6 6. h4 h6 7. Nf3 Nd7 8. h5
Bh7 9. Bd3 Bxd3 10. Qxd3 e6 11. Bf4 Qa5+ 12. Bd2 Bb4 13. Ne4 Ngf6 14. Nd6+ Ke7
15. Nxb7 Bxd2+ 16. Nxd2 Qb4 17. Qb3 Qxd4 18. O-O-O c5 19. Na5 Rhc8 20. Ndc4 Qf4+
21. Qe3 Qxe3+ 22. Nxe3 Ne5 23. f3 Rab8 24. b3 Nc6 25. Nxc6+ Rxc6 26. g4 Rcc8 27.
Rhe1 Rd8 28. Nc4 Rbc8 29. Rxd8 Rxd8 30. Ne5 Rc8 31. Rd1 Nd5 32. c4 Nb6 33. Kc2
a5 34. Kc3 Rc7 35. Rd2 Nc8 36. Kb2 Nb6 1/2-1/2

[Event "Olimpiade 2014 - Open"]
[Site "Tromsø"]
[Date "06.08.2014"]
[Round "5.7"]
[Board "2"]
[White "Esen, Baris"]
[Black "Kotsur, Pavel"]
[Result "0-1"]
[WhiteTitle "GM"]
[BlackTitle "GM"]
[WhiteElo "2589"]
[BlackElo "2559"]
[WhiteTeam "Turkey"]
[BlackTeam "Kazakhstan"]
[WhiteFideId "6302114"]
[BlackFideId "13700278"]
[EventDate "2014.08.02"]

1. d4 Nf6 2. Nf3 e6 3. c4 Bb4+ 4. Nbd2 O-O 5. a3 Be7 6. g3 b6 7. Bg2 Bb7 8. O-O
c5 9. d5 exd5 10. Nh4 g6 11. Nb1 Nh5 12. Bxd5 Bxd5 13. Qxd5 Nc6 14. Nf3 Nf6 15.
Qd1 d5 16. Qa4 Na5 17. Bh6 Re8 18. cxd5 Qxd5 19. Nc3 Qc4 20. Qxc4 Nxc4 21. Rab1
Bf8 22. Bxf8 Kxf8 23. Rfc1 Rad8 24. Rc2 Rd7 25. Kf1 Ng4 26. Kg1 Red8 27. h3 Nge5
28. Nxe5 Nxe5 29. Kf1 f5 30. Ke1 Kf7 31. Rcc1 Re7 32. Rd1 Nf3+ 33. Kf1 Nd2+ 34.
Ke1 Red7 35. Rbc1 Ke6 36. h4 h6 37. Rc2 Nb3 38. Rxd7 Rxd7 39. e3 g5 40. hxg5
hxg5 41. Ke2 g4 42. f3 gxf3+ 43. Kxf3 Ke5 44. g4 fxg4+ 45. Kxg4 Rd2 46. Rxd2
Nxd2 47. Kg3 Nc4 48. b4 Nxa3 49. bxc5 b5 50. Kf3 b4 51. Na4 Nc4 52. Ke2 Kd5 53.
Kd3 Ne5+ 54. Kc2 Kc4 55. Kb2 Nd3+ 56. Kc2 Nxc5 57. Nb2+ Kd5 58. Nd1 a6 59. Nf2
a5 60. Ng4 a4 61. Kb2 Nd3+ 62. Kc2 Kc4 63. e4 Kd4 64. Nf6 b3+ 65. Kb1 a3 66. Nd5
a2+ 67. Ka1 Ne1 0-1

[Event "Olimpiade 2014 - Open"]
[Site "Tromsø"]
[Date "06.08.2014"]
[Round "5.7"]
[Board "3"]
[White "Kostenko, Petr"]
[Black "Can, Emre"]
[Result "1-0"]
[WhiteTitle "GM"]
[BlackTitle "GM"]
[WhiteElo "2461"]
[BlackElo "2529"]
[WhiteTeam "Kazakhstan"]
[BlackTeam "Turkey"]
[WhiteFideId "13700669"]
[BlackFideId "6302181"]
[EventDate "2014.08.02"]

1. e4 c5 2. Nf3 d6 3. d4 cxd4 4. Nxd4 Nf6 5. Nc3 a6 6. h3 e6 7. g4 Nfd7 8. g5 b5
9. a3 Bb7 10. h4 Nc6 11. Be3 Be7 12. f4 Rc8 13. Rh3 O-O 14. Qd2 Nxd4 15. Qxd4 e5
16. Qd2 Qa5 17. f5 Rxc3 18. Qxc3 Qxc3+ 19. bxc3 Bxe4 20. Bd3 Bc6 21. c4 bxc4 22.
Bxc4 d5 23. Bxa6 f6 24. Bd3 Ra8 25. Bc1 Nc5 26. gxf6 gxf6 27. Bh6 Kf7 28. Rg3
Ra4 29. Rg7+ Ke8 30. Rb1 Rxh4 31. Rb8+ Kd7 32. Rxh7 e4 33. Bf1 Kd6 34. Rbh8 Bd7
35. Bh3 d4 36. Bd2 Rxh7 37. Rxh7 Bd8 38. Bb4 Ba4 39. Kd2 Bb6 40. Rb7 Kc6 41. Rf7
Kd5 42. Rxf6 Bc7 43. Kc1 Bf4+ 44. Kb1 d3 45. cxd3 exd3 46. Rf8 Bc2+ 47. Ka2 Nd7
48. Rd8 Kc6 49. Bg2+ Kc7 50. Ba5+ Kd6 51. Be4 Ke7 52. f6+ Nxf6 53. Bxd3 Bd1 54.
Rd4 1-0

[Event "Olimpiade 2014 - Open"]
[Site "Tromsø"]
[Date "06.08.2014"]
[Round "5.7"]
[Board "4"]
[White "Ipatov, Alexander"]
[Black "Khusnutdinov, Rustam"]
[Result "1/2-1/2"]
[WhiteTitle "GM"]
[BlackTitle "GM"]
[WhiteElo "2614"]
[BlackElo "2470"]
[WhiteTeam "Turkey"]
[BlackTeam "Kazakhstan"]
[WhiteFideId "14116731"]
[BlackFideId "13701703"]
[EventDate "2014.08.02"]

1. d4 Nf6 2. c4 g6 3. g3 c5 4. Nf3 Bg7 5. Bg2 cxd4 6. Nxd4 O-O 7. O-O d5 8. cxd5
Nxd5 9. Nc3 Nxc3 10. bxc3 Nc6 11. Nxc6 bxc6 12. Qxd8 Rxd8 13. Bxc6 Bxc3 14. Rb1
Bh3 15. Bxa8 Bxf1 16. Kxf1 Rxa8 17. Rb7 e6 18. Be3 a6 19. Rc7 Bf6 20. Bh6 Bg7
21. Bxg7 Kxg7 22. a4 Rd8 23. Rc6 a5 24. Rc5 Rd5 25. Rxd5 exd5 26. Ke1 Kf6 27.
Kd2 Ke5 28. Kd3 h5 29. f3 g5 30. e3 g4 31. f4+ Kd6 32. e4 dxe4+ 33. Kxe4 Ke6 34.
Kd4 Kd6 35. Ke4 Ke6 36. Kd4 1/2-1/2

[Event "Olimpiade 2014 - Open"]
[Site "Tromsø"]
[Date "06.08.2014"]
[Round "5.8"]
[Board "1"]
[White "Jobava, Baadur"]
[Black "Winants, Luc"]
[Result "1-0"]
[WhiteTitle "GM"]
[BlackTitle "GM"]
[WhiteElo "2713"]
[BlackElo "2545"]
[WhiteTeam "Georgia"]
[BlackTeam "Belgium"]
[WhiteFideId "13601520"]
[BlackFideId "200018"]
[EventDate "2014.08.02"]

1. d4 Nf6 2. Nc3 d5 3. Bf4 g6 4. Qd2 c6 5. f3 b5 6. a3 Bg7 7. Bh6 Bxh6 8. Qxh6
Qd6 9. e3 e5 10. Bd3 Nbd7 11. Nge2 a6 12. b4 a5 13. O-O exd4 14. Nxd4 Ne5 15. h3
Bd7 16. f4 Nxd3 17. cxd3 axb4 18. axb4 Ke7 19. Qg5 Rhc8 20. Nce2 Kf8 21. Rxa8
Rxa8 22. f5 Qe5 23. h4 Kg7 24. Nf3 Qd6 25. fxg6 fxg6 26. Ne5 Re8 27. d4 1-0

[Event "Olimpiade 2014 - Open"]
[Site "Tromsø"]
[Date "06.08.2014"]
[Round "5.8"]
[Board "2"]
[White "Michiels, Bart"]
[Black "Mchedlishvili, Mikheil"]
[Result "1/2-1/2"]
[WhiteTitle "GM"]
[BlackTitle "GM"]
[WhiteElo "2535"]
[BlackElo "2618"]
[WhiteTeam "Belgium"]
[BlackTeam "Georgia"]
[WhiteFideId "202967"]
[BlackFideId "13600966"]
[EventDate "2014.08.02"]

1. d4 Nf6 2. c4 e6 3. Nc3 Bb4 4. Qc2 O-O 5. a3 Bxc3+ 6. Qxc3 b6 7. Bg5 Bb7 8. f3
d6 9. Nh3 h6 10. Bh4 Nbd7 11. Nf2 Rc8 12. Ng4 c5 13. e3 d5 14. cxd5 Nxd5 15.
Bxd8 Nxc3 16. Be7 Rfe8 17. Bd6 Nd5 18. e4 h5 19. Bb5 Bc6 20. Ba6 Rcd8 21. Ne5
Nxe5 22. dxe5 Ne7 23. b4 f5 24. exf5 Nxf5 25. bxc5 bxc5 26. Bxc5 Rd5 27. Rc1
Rxe5+ 28. Kf2 Rb8 29. Rhe1 Rb2+ 30. Kg1 Rxe1+ 31. Rxe1 Bd5 32. Bxa7 g5 33. Re2
Rb3 34. a4 g4 35. fxg4 hxg4 36. Bf2 Ra3 37. Bb5 Nd6 38. Re3 Ra2 39. Re2 Ra3 40.
Re3 Ra2 41. h3 gxh3 42. gxh3 Kf7 43. Re2 Ra3 44. Re3 Ra2 45. Re2 Ra3 46. Re3 1/2-1/2

[Event "Olimpiade 2014 - Open"]
[Site "Tromsø"]
[Date "06.08.2014"]
[Round "5.8"]
[Board "3"]
[White "Pantsulaia, Levan"]
[Black "Ringoir, Tanguy"]
[Result "1/2-1/2"]
[WhiteTitle "GM"]
[BlackTitle "IM"]
[WhiteElo "2581"]
[BlackElo "2508"]
[WhiteTeam "Georgia"]
[BlackTeam "Belgium"]
[WhiteFideId "13602071"]
[BlackFideId "208027"]
[EventDate "2014.08.02"]

1. c4 e5 2. Nc3 Bb4 3. Nd5 Bc5 4. Nf3 c6 5. Nc3 d6 6. e3 Qe7 7. Qc2 Nf6 8. Be2
Bg4 9. h3 Bh5 10. O-O O-O 11. Nh4 Bxe2 12. Nxe2 Nbd7 13. b3 g6 14. Bb2 Rfe8 15.
Rad1 a5 16. d4 exd4 17. Nxd4 Qe4 18. Nhf3 Qxc2 19. Nxc2 d5 20. g4 dxc4 21. bxc4
Red8 22. Nd2 Be7 23. g5 Ne8 24. Ne4 f5 25. gxf6 Nexf6 26. Nxf6+ Nxf6 27. f3 Kf7
28. Kf2 Nd7 29. Bd4 b5 30. cxb5 cxb5 31. e4 Nc5 32. Ne3 Ne6 33. Be5 Bc5 34. f4
Rac8 35. Rd5 Rxd5 36. exd5 Nf8 37. Kf3 Bxe3 38. Kxe3 Nd7 39. Bd4 Nf6 40. f5
Nxd5+ 41. Ke4 Nc3+ 42. Kd3 Nd5 43. Ke4 Nf6+ 44. Kd3 Rc6 45. fxg6+ Kxg6 46. Rg1+
Kf5 47. Rf1+ Kg6 48. Rg1+ Kf5 49. Rf1+ Kg6 50. Rg1+ 1/2-1/2

[Event "Olimpiade 2014 - Open"]
[Site "Tromsø"]
[Date "06.08.2014"]
[Round "5.8"]
[Board "4"]
[White "Docx, Stefan"]
[Black "Nigalidze, Gaioz"]
[Result "0-1"]
[WhiteTitle "IM"]
[BlackTitle "GM"]
[WhiteElo "2491"]
[BlackElo "2542"]
[WhiteTeam "Belgium"]
[BlackTeam "Georgia"]
[WhiteFideId "200778"]
[BlackFideId "13603078"]
[EventDate "2014.08.02"]

1. d4 d5 2. c4 c6 3. Nc3 Nf6 4. e3 e6 5. Nf3 a6 6. Qc2 c5 7. cxd5 exd5 8. Be2
Nc6 9. O-O Be6 10. Rd1 Nb4 11. Qd2 Ne4 12. Nxe4 dxe4 13. Ne5 cxd4 14. exd4 Be7
15. a3 Nd5 16. Qc2 f6 17. Bh5+ g6 18. Nxg6 hxg6 19. Bxg6+ Bf7 20. Qxe4 Kf8 21.
Re1 Qe8 22. Bh7 Kg7 23. Bf5 Qb5 24. b4 Bd6 25. h4 Rae8 26. Qg4+ Kf8 27. Bd2
Rxe1+ 28. Rxe1 Ne7 29. Bd7 f5 30. Bxb5 fxg4 31. Bd7 Rxh4 32. Bg5 Rh5 33. Bxe7+
Bxe7 34. Bxg4 Rg5 35. Bh3 Bd5 36. f4 Rg3 37. Re5 Bc4 38. Bc8 Rxa3 39. Bxb7 Bxb4
40. Kh2 Bd6 41. Rf5+ Ke7 42. g3 Ra2+ 43. Kh1 a5 44. Rh5 a4 45. Rh7+ Kd8 46. Bc6
a3 47. Rd7+ Kc8 48. Rxd6 Rb2 0-1

[Event "Olimpiade 2014 - Open"]
[Site "Tromsø"]
[Date "06.08.2014"]
[Round "5.9"]
[Board "3"]
[White "Nguyen, Duc Hoa"]
[Black "Howell, David W L"]
[Result "1/2-1/2"]
[WhiteTitle "IM"]
[BlackTitle "GM"]
[WhiteElo "2501"]
[BlackElo "2650"]
[WhiteTeam "Vietnam"]
[BlackTeam "England"]
[WhiteFideId "12401358"]
[BlackFideId "410608"]
[EventDate "2014.08.02"]

1. d4 Nf6 2. c4 g6 3. Nc3 d5 4. Bf4 Bg7 5. e3 O-O 6. Rc1 dxc4 7. Bxc4 Nbd7 8.
Nf3 c5 9. dxc5 Nxc5 10. O-O Be6 11. Bxe6 Nxe6 12. Be5 Qb6 13. Qe2 Rfd8 14. Qb5
Qxb5 15. Nxb5 Rd7 16. Rfd1 a6 17. Nc3 Rxd1+ 18. Rxd1 Rd8 19. Kf1 Rxd1+ 20. Nxd1
Nd8 21. Ke2 Nc6 22. Bc3 Ne4 23. Bxg7 Kxg7 24. Nd2 Nxd2 25. Kxd2 Kf6 26. Nc3 Ke6
27. Ne4 Kd7 28. f4 b6 29. Kc3 h6 30. Kc4 Na5+ 31. Kd4 Nc6+ 32. Kc4 Na5+ 33. Kc3
Nc6 34. b4 Nd8 35. a4 Kc6 36. Nd2 Nb7 37. Kd4 a5 38. Nc4 f6 39. b5+ Kc7 40. Kd5
Nc5 41. Nxa5 Kd7 42. Nc4 Nxa4 43. Kd4 h5 44. g3 Kc7 45. e4 e6 46. h3 Nc5 47. g4
hxg4 48. hxg4 Nb3+ 49. Ke3 Na5 50. Nb2 Kd6 51. Na4 Nc4+ 52. Kd4 Na3 53. e5+
fxe5+ 54. fxe5+ Ke7 55. Nc3 Kf7 56. Ke4 g5 57. Kd3 Kg6 58. Ke3 Nc4+ 59. Kd4 Na3
60. Kd3 Kg7 61. Na4 Nxb5 62. Nxb6 Na7 63. Kc4 Nc6 64. Nd7 Ne7 65. Nc5 Kf7 66.
Ne4 Kg6 67. Kc5 Nd5 68. Kd6 Ne3 69. Kxe6 Nxg4 1/2-1/2

[Event "Olimpiade 2014 - Open"]
[Site "Tromsø"]
[Date "06.08.2014"]
[Round "5.9"]
[Board "4"]
[White "Sadler, Matthew D"]
[Black "Nguyen, Huynh Minh Huy"]
[Result "1/2-1/2"]
[WhiteTitle "GM"]
[BlackTitle "IM"]
[WhiteElo "2653"]
[BlackElo "2507"]
[WhiteTeam "England"]
[BlackTeam "Vietnam"]
[WhiteFideId "400173"]
[BlackFideId "12401269"]
[EventDate "2014.08.02"]

1. d4 d5 2. c4 c6 3. Nc3 Nf6 4. e3 e6 5. Nf3 Nbd7 6. Bd3 dxc4 7. Bxc4 b5 8. Bd3
b4 9. Ne4 Nxe4 10. Bxe4 Bb7 11. O-O Bd6 12. a3 bxa3 13. b3 Nf6 14. Bd3 c5 15.
Bxa3 cxd4 16. Bb5+ Ke7 17. Nxd4 Bxa3 18. Rxa3 Qd5 19. f3 Rhd8 20. Qe1 Qd6 21.
Ra5 Kf8 22. Bc4 h6 23. Qf2 Qb6 24. Rfa1 a6 25. h3 Nd5 26. e4 Ne3 27. Qxe3 Rxd4
28. Qf2 Rad8 29. Kh2 R4d6 30. Qxb6 Rxb6 31. R1a2 Ke7 32. h4 f6 33. e5 fxe5 34.
Rxe5 Bd5 35. Rxa6 Rxa6 36. Bxa6 Bxb3 37. Re3 1/2-1/2

[Event "Olimpiade 2014 - Open"]
[Site "Tromsø"]
[Date "06.08.2014"]
[Round "5.10"]
[Board "2"]
[White "Al-Sayed, Mohammed"]
[Black "Meier, Georg"]
[Result "1/2-1/2"]
[WhiteTitle "GM"]
[BlackTitle "GM"]
[WhiteElo "2505"]
[BlackElo "2646"]
[WhiteTeam "Qatar"]
[BlackTeam "Germany"]
[WhiteFideId "12100196"]
[BlackFideId "4675789"]
[EventDate "2014.08.02"]

1. g3 d5 2. Bg2 e5 3. c4 d4 4. d3 Nc6 5. Nf3 Nf6 6. O-O Bd6 7. a3 a5 8. e3 O-O
9. exd4 Nxd4 10. Nxd4 exd4 11. Qc2 c6 12. Bg5 h6 13. Bxf6 Qxf6 14. Nd2 a4 15.
Rfe1 Bc7 16. Ne4 Qf5 17. Re2 Qh5 18. f3 f5 19. Nf2 f4 20. g4 Qa5 21. c5 Qb5 22.
Re4 Qb3 23. Qe2 Qd5 24. Rc1 Ra5 25. Re7 Bd7 26. g5 hxg5 27. Bh3 Bxh3 28. Nxh3 g4
29. Rxc7 gxh3 30. Kf2 Rf5 31. Rg1 Rg5 32. Rxg5 Qxg5 33. Qe6+ Kh7 34. Qxh3+ Qh6
35. Qf5+ Qg6 36. Qh3+ Qh6 37. Qf5+ Qg6 38. Qxf4 Rxc5 39. Qh4+ Rh5 40. Qg3 Qxg3+
41. Kxg3 Rb5 42. Kf4 Rxb2 43. Ke4 Rb3 44. f4 b5 45. f5 Rxa3 46. f6 Ra1 47. Rxg7+
Kh6 48. Rg2 Rf1 49. Kxd4 Rf5 50. Rc2 Rxf6 51. Kc5 Kg5 52. d4 Kf5 53. Rf2+ Ke6
54. d5+ cxd5 55. Re2+ Kd7 56. Kxb5 a3 57. Ra2 Rf3 58. Kc5 Rd3 59. Kb4 Kd6 60.
Rxa3 Rd4+ 61. Kc3 Rh4 62. Ra2 Kc5 1/2-1/2

[Event "Olimpiade 2014 - Open"]
[Site "Tromsø"]
[Date "06.08.2014"]
[Round "5.10"]
[Board "3"]
[White "Nisipeanu, Liviu-Dieter"]
[Black "Zhu, Chen"]
[Result "1/2-1/2"]
[WhiteTitle "GM"]
[BlackTitle "GM"]
[WhiteElo "2689"]
[BlackElo "2461"]
[WhiteTeam "Germany"]
[BlackTeam "Qatar"]
[WhiteFideId "1202758"]
[BlackFideId "8600546"]
[EventDate "2014.08.02"]

1. d4 d5 2. Nf3 Nf6 3. c4 c6 4. e3 Bg4 5. h3 Bxf3 6. Qxf3 e6 7. Nc3 Bb4 8. Bd3
Nbd7 9. O-O O-O 10. Qd1 Re8 11. Bd2 Bf8 12. Qb3 dxc4 13. Bxc4 b5 14. Be2 a6 15.
Bf3 Rc8 16. a4 b4 17. Ne2 e5 18. Ng3 a5 19. Be2 exd4 20. exd4 Nc5 21. dxc5 Qxd2
22. Rad1 Qg5 23. Bc4 Rc7 24. Rfe1 Rxe1+ 25. Rxe1 g6 26. Qf3 Kg7 27. b3 Bxc5 28.
Ne4 Nxe4 29. Rxe4 Qc1+ 30. Kh2 Qd2 31. Re2 Qd4 32. g3 h5 33. Kg2 Qf6 34. Qxf6+
Kxf6 35. h4 Bb6 36. Re8 Rd7 37. Rc8 Bc7 38. Re8 Bd8 39. Kf3 Kg7 40. Ke2 Rd4 41.
Re3 Bf6 42. Rd3 1/2-1/2

[Event "Olimpiade 2014 - Open"]
[Site "Tromsø"]
[Date "06.08.2014"]
[Round "5.10"]
[Board "4"]
[White "Nezad, Husein Aziz"]
[Black "Baramidze, David"]
[Result "1-0"]
[WhiteTitle "IM"]
[BlackTitle "GM"]
[WhiteElo "2365"]
[BlackElo "2612"]
[WhiteTeam "Qatar"]
[BlackTeam "Germany"]
[WhiteFideId "12100293"]
[BlackFideId "4667719"]
[EventDate "2014.08.02"]

1. d4 Nf6 2. c4 e6 3. Nf3 d5 4. Nc3 Be7 5. Bf4 O-O 6. e3 Nbd7 7. c5 c6 8. h3 b6
9. b4 a5 10. a3 Ba6 11. Bxa6 Rxa6 12. O-O axb4 13. axb4 Qa8 14. Rb1 Qb7 15. Qc2
Rfa8 16. Rfc1 Ra3 17. Nd2 h6 18. Nb3 bxc5 19. bxc5 Bd8 20. Rb2 Qc8 21. Ra2 Rxa2
22. Nxa2 Bc7 23. Bxc7 Qxc7 24. Rb1 e5 25. Nb4 Ne4 26. Rb2 exd4 27. Nxd4 Ra5 28.
Qb1 Ne5 29. f3 Nc3 30. Qe1 Nb5 31. Nxb5 Rxb5 32. Nxd5 Qb7 33. Rxb5 Qxb5 34. Qb4
Qc4 35. Ne7+ Kf8 36. Qb8+ Kxe7 37. Qxe5+ Qe6 38. Qc7+ Kf6 39. Kf2 Qa2+ 40. Kg3
Qd5 41. Qf4+ Ke6 42. Qg4+ Kf6 43. Qd4+ Ke6 44. Qxg7 Qxc5 45. Qxh6+ f6 46. Qf4
Kf7 47. h4 Qd5 48. e4 Qa5 49. e5 1-0